Central Library OPAC University of Rajshahi
Normal view MARC view

Entry Personal Name

Number of records used in: 3

001 - CONTROL NUMBER

  • control field: 3680

003 - CONTROL NUMBER IDENTIFIER

  • control field: BD-RjUL

005 - DATE AND TIME OF LATEST TRANSACTION

  • control field: 20220616162138.0

008 - FIXED-LENGTH DATA ELEMENTS

  • fixed length control field: 220616|| aca||aabn | a|a d

040 ## - CATALOGING SOURCE

  • Original cataloging agency: BD-RjUL
  • Transcribing agency: BD-RjUL

100 ## - HEADING--PERSONAL NAME

  • Personal name: হক, মাসুদুল

670 ## - SOURCE DATA FOUND

  • Source citation: Work cat.: (BD-RjUL)79980: সালিক, সিদ্দিক 3679, নিয়াজির আত্মসমর্পনের দলিল /, ২০১১